[Event "Krasnoyarsk Region-ch"]
[Site "Krasnoyarsk"]
[Date "2016.09.30"]
[Round "2"]
[White "Koshaev, Valerij"]
[Black "Miroshnichenko, Grigory"]
[Result "0-1"]
[WhiteElo "2094"]
[BlackElo "1920"]
[PlyCount "84"]
[EventDate "2016.09.29"]
[EventType "swiss"]
[EventRounds "11"]
[EventCountry "RUS"]
[SourceTitle "EXT 2018"]
[Source "ChessBase"]
[SourceDate "2017.10.13"]
[SourceVersion "1"]
[SourceVersionDate "2017.10.13"]
[SourceQuality "1"]

1. d4 d5 2. Nf3 Nf6 3. Bf4 c5 4. e3 Nc6 5. c3 Qb6 6. Qb3 c4 7. Qc2 g6 8. Nbd2 Bf5 9. Qc1 Bg7 10. h3 h5 11. Be2 Qd8 12. 0-0 0-0 13. Ne5 Nxe5 14. Bxe5 b5 15. Bf3 Bd3 16. Re1 Ne4 17. Bxg7 Kxg7 18. Be2 Bxe2 19. Rxe2 a5 20. f3 Ng3 21. Re1 b4 22. e4 dxe4 23. Nxe4 Nxe4 24. Rxe4 Qc7 25. Qe3 e6 26. Re5 Rfc8 27. Re1 Qb7 28. Qd2 bxc3 29. bxc3 a4 30. Qc2 Rcb8 31. Qe2 Rc8 32. Qc2 Rcb8 33. Rc5 a3 34. Rxc4 Qb2 35. Re2 Qa1+ 36. Kh2 Rb2 37. Qe4 Qxa2 38. Rxb2 Qxc4 39. Rb7 Ra4 40. Qf4 e5 41. Qc1 exd4 42. Rb1 Qxc3 0-1

[Event "RUS SFO-ch"]
[Site "Zheleznogorsk"]
[Date "2016.02.21"]
[Round "9"]
[White "Koshaev, Valerij"]
[Black "Kuteneva, Galina Viktorovna"]
[Result "1-0"]
[WhiteElo "2087"]
[BlackElo "1868"]
[PlyCount "67"]
[EventDate "2016.02.13"]
[EventType "swiss"]
[EventRounds "9"]
[EventCountry "RUS"]
[SourceTitle "CBM 171 Extra"]
[Source "ChessBase"]
[SourceDate "2016.04.26"]
[SourceVersion "1"]
[SourceVersionDate "2016.04.26"]
[SourceQuality "1"]

1. d4 Nf6 2. Nf3 d5 3. Bf4 c6 4. e3 Bf5 5. c4 e6 6. Qb3 Qb6 7. c5 Qxb3 8. axb3 h6 9. Nc3 Be7 10. Bxb8 Rxb8 11. Rxa7 0-0 12. Kd2 Rfe8 13. Ne5 Ng4 14. Nxg4 Bxg4 15. Na4 Bf5 16. Bd3 Bxd3 17. Kxd3 f6 18. Nb6 e5 19. Nd7 Ra8 20. Rha1 Rxa7 21. Rxa7 exd4 22. exd4 Bd8 23. b4 Re7 24. Nb6 Bxb6 25. cxb6 Kf7 26. Ra8 f5 27. Rb8 Ke6 28. h4 h5 29. Rh8 g6 30. Rd8 Rf7 31. Ke3 f4+ 32. Kf3 Kf5 33. Re8 g5 34. Re5+ 1-0

[Event "Krasnoyarsk Region-ch"]
[Site "Krasnoyarsk"]
[Date "2015.10.12"]
[Round "5"]
[White "Koshaev, Valerij"]
[Black "Neizvestnykh, Vitalij"]
[Result "1-0"]
[WhiteElo "2118"]
[BlackElo "2155"]
[PlyCount "112"]
[EventDate "2015.10.??"]
[EventType "swiss"]
[EventRounds "11"]
[EventCountry "RUS"]
[SourceTitle "CBM 169 Extra"]
[Source "ChessBase"]
[SourceDate "2015.12.18"]
[SourceVersion "1"]
[SourceVersionDate "2015.12.18"]
[SourceQuality "1"]

1. d4 e6 2. Bf4 d5 3. e3 Bd6 4. Bd3 Nf6 5. Nd2 c5 6. c3 Bxf4 7. exf4 cxd4 8. cxd4 Qd6 9. Ne2 Nc6 10. 0-0 Qb4 11. Nb3 a5 12. a3 Qb6 13. Qc2 Bd7 14. Nc5 Rc8 15. Rac1 g6 16. Na4 Qd8 17. Qb3 0-0 18. Nb6 Rb8 19. Rc3 Be8 20. Rfc1 Ng4 21. h3 Nf6 22. Na4 Nd7 23. Nc5 Qf6 24. Nxd7 Bxd7 25. Qb6 Qd8 26. Qc5 Qe7 27. Qb6 Qd8 28. Qb3 Qf6 29. Qa4 Qe7 30. Bb5 Ra8 31. Rc5 Rfd8 32. Qc2 Ra7 33. Qd2 Rda8 34. g3 h5 35. h4 Be8 36. Qe3 Qf6 37. Kg2 Kg7 38. R5c2 a4 39. Bxc6 Bxc6 40. Rc5 Ra5 41. Ng1 Rxc5 42. Rxc5 Qf5 43. Nf3 Qe4 44. Kh2 Qxe3 45. fxe3 f6 46. Kg2 Kf7 47. Kf2 Ra6 48. Ne1 Rb6 49. Nd3 Rb3 50. Rc3 Rxc3 51. bxc3 Ke7 52. Ke1 b6 53. Kd2 Bb5 54. Nf2 Kd6 55. e4 e5 56. Ke3 Bc6 1-0

[Event "Krasnoyarsk Marchko Memorial"]
[Site "Krasnoyarsk"]
[Date "2014.12.24"]
[Round "6"]
[White "Khegay, Dmitriy"]
[Black "Koshaev, Valerij"]
[Result "1-0"]
[WhiteElo "2362"]
[BlackElo "2127"]
[PlyCount "75"]
[EventDate "2014.12.20"]
[EventType "tourn"]
[EventRounds "9"]
[EventCountry "RUS"]
[SourceTitle "CBM 164 Extra"]
[Source "ChessBase"]
[SourceDate "2015.03.02"]
[SourceVersion "1"]
[SourceVersionDate "2015.03.02"]
[SourceQuality "1"]

1. d4 Nf6 2. c4 e6 3. Nc3 d5 4. Nf3 Be7 5. Bg5 h6 6. Bxf6 Bxf6 7. e3 0-0 8. Qd2 dxc4 9. Bxc4 a6 10. 0-0 b5 11. Bd3 Bb7 12. Be4 c6 13. a4 b4 14. Na2 a5 15. Nc1 Nd7 16. Nb3 Qb6 17. Rac1 Be7 18. Bb1 g6 19. e4 Kg7 20. Qf4 Rac8 21. Nc5 Nxc5 22. dxc5 Qc7 23. e5 Ba6 24. Rfe1 Rcd8 25. Qe3 Rd7 26. h4 h5 27. Red1 Rfd8 28. Rd6 Rh8 29. Ng5 Qd8 30. Qf4 Bxd6 31. cxd6 c5 32. Rxc5 Bb7 33. Rxa5 Rf8 34. Rc5 Bd5 35. Qg3 f6 36. Nxe6+ Bxe6 37. Qxg6+ Kh8 38. exf6 1-0

[Event "Krasnoyarsk City-ch"]
[Site "Krasnoyarsk"]
[Date "2013.10.12"]
[Round "10"]
[White "Sergeev, Ilya"]
[Black "Koshaev, Valerij"]
[Result "1-0"]
[WhiteElo "2053"]
[BlackElo "2146"]
[PlyCount "76"]
[EventDate "2013.10.03"]
[EventType "swiss"]
[EventRounds "11"]
[EventCountry "RUS"]
[SourceTitle "EXT 2014"]
[Source "ChessBase"]
[SourceDate "2013.11.20"]
[SourceVersion "1"]
[SourceVersionDate "2013.11.20"]
[SourceQuality "1"]

1. d4 Nf6 2. c4 e6 3. g3 d5 4. Nf3 Bb4+ 5. Bd2 Bd6 6. Bg2 c6 7. Qc2 Nbd7 8. 0-0 0-0 9. Bf4 Bxf4 10. gxf4 b6 11. cxd5 cxd5 12. Nc3 Bb7 13. Rfc1 Rc8 14. Qa4 a6 15. Qb3 Qc7 16. e3 Qd6 17. Ne5 Rc7 18. Rc2 Rfc8 19. Rac1 h6 20. Bf1 g6 21. Qa4 b5 22. Qb3 Nb6 23. Bxb5 Rxc3 24. Rxc3 axb5 25. Rxc8+ Bxc8 26. Qxb5 Bd7 27. Rc6 Bxc6 28. Qxb6 g5 29. fxg5 hxg5 30. Qxc6 Qb8 31. b3 g4 32. Qc5 Qb7 33. b4 Ne4 34. Qc6 Qe7 35. b5 Nxf2 36. Qd7 Nh3+ 37. Kg2 Kf8 38. Qxe7+ Kxe7 1-0

[Event "Krasnoyarsk City-ch"]
[Site "Krasnoyarsk"]
[Date "2013.10.08"]
[Round "6"]
[White "Volkov, Sergey Anat"]
[Black "Koshaev, Valerij"]
[Result "1-0"]
[WhiteElo "2143"]
[BlackElo "2146"]
[PlyCount "79"]
[EventDate "2013.10.03"]
[EventType "swiss"]
[EventRounds "11"]
[EventCountry "RUS"]
[SourceTitle "EXT 2014"]
[Source "ChessBase"]
[SourceDate "2013.11.20"]
[SourceVersion "1"]
[SourceVersionDate "2013.11.20"]
[SourceQuality "1"]

1. e4 d5 2. exd5 Qxd5 3. Nc3 Qd6 4. d4 Nf6 5. Bd3 Nc6 6. Nge2 Bg4 7. f3 Bh5 8. Bf4 Qd7 9. Nb5 Rc8 10. Qd2 e6 11. g4 Bg6 12. Bxg6 hxg6 13. 0-0-0 a6 14. Nbc3 Bb4 15. a3 Ba5 16. Qd3 Rd8 17. Bg5 Bxc3 18. Qxc3 Ne7 19. h4 Nfd5 20. Qd3 b5 21. Ng3 f6 22. Bd2 Nb6 23. Bb4 f5 24. Ne2 Ned5 25. Bd2 Nc4 26. Bg5 Rc8 27. Ng3 Qd6 28. Ne2 Kd7 29. h5 gxh5 30. gxf5 exf5 31. Qxf5+ Qe6 32. Qd3 Rcf8 33. Ng3 g6 34. Rde1 Qf7 35. Rhf1 Kc8 36. b3 Nd6 37. Re5 c6 38. f4 h4 39. Ne4 Nf5 40. Rxf5 1-0

[Event "Krasnoyarsk City-ch"]
[Site "Krasnoyarsk"]
[Date "2013.10.06"]
[Round "4"]
[White "Volontinas, Ivan Nikolaevich"]
[Black "Koshaev, Valerij"]
[Result "1-0"]
[WhiteElo "2061"]
[BlackElo "2146"]
[PlyCount "131"]
[EventDate "2013.10.03"]
[EventType "swiss"]
[EventRounds "11"]
[EventCountry "RUS"]
[SourceTitle "EXT 2014"]
[Source "ChessBase"]
[SourceDate "2013.11.20"]
[SourceVersion "1"]
[SourceVersionDate "2013.11.20"]
[SourceQuality "1"]

1. d4 d5 2. Nf3 Nf6 3. c4 e6 4. Nc3 Be7 5. Bg5 0-0 6. e3 h6 7. Bh4 b6 8. Be2 Bb7 9. Bxf6 Bxf6 10. cxd5 exd5 11. 0-0 c5 12. Rc1 Nd7 13. Bb5 Rc8 14. Qa4 cxd4 15. exd4 a6 16. Bxd7 Rc4 17. Qb3 Qxd7 18. Qxb6 a5 19. b3 Rc6 20. Qxa5 Ra6 21. Qb4 Be7 22. Ne5 Bxb4 23. Nxd7 Rd8 24. Nc5 Bxc5 25. dxc5 d4 26. Rfd1 Rc8 27. Na4 Bc6 28. Rxd4 Bxa4 29. Rxa4 Rxa4 30. bxa4 Kf8 31. c6 Ke7 32. c7 Kd7 33. f4 g6 34. Kf2 h5 35. Ke3 Re8+ 36. Kd4 Kc8 37. Rc2 f5 38. g3 Re4+ 39. Kd5 Rxa4 40. Ke6 h4 41. Kf6 hxg3 42. hxg3 Ra6+ 43. Kf7 Rb6 44. Re2 Kxc7 45. Re7+ Kd8 46. Re6 Rb2 47. Rd6+ Kc7 48. Rxg6 Rxa2 49. Kf6 Ra5 50. Kg5 Kd7 51. Rf6 Ra3 52. Kxf5 Rxg3 53. Re6 Rf3 54. Re1 Ra3 55. Kf6 Ra6+ 56. Kg5 Ra8 57. f5 Rg8+ 58. Kf6 Rf8+ 59. Kg6 Rg8+ 60. Kf7 Ra8 61. f6 Kd6 62. Kg7 Ra2 63. f7 Rg2+ 64. Kf8 Kd7 65. Rd1+ Ke6 66. Ke8 1-0

[Event "Novosibirsk April op"]
[Site "Novosibirsk"]
[Date "2008.04.08"]
[Round "4"]
[White "Tuzhik, Artem"]
[Black "Koshaev, Valerij"]
[Result "1-0"]
[WhiteElo "2328"]
[BlackElo "2103"]
[PlyCount "81"]
[EventDate "2008.04.05"]
[EventType "swiss"]
[EventRounds "9"]
[EventCountry "RUS"]
[SourceTitle "EXT 2010"]
[Source "ChessBase"]
[SourceDate "2010.11.25"]
[SourceVersion "1"]
[SourceVersionDate "2010.11.25"]
[SourceQuality "1"]

1. e4 g6 2. d4 Bg7 3. Nf3 d6 4. Bc4 Nf6 5. e5 dxe5 6. Nxe5 0-0 7. 0-0 Nbd7 8. f4 c6 9. c3 Nxe5 10. fxe5 Nd5 11. Qe2 a5 12. Nd2 a4 13. Ne4 Bf5 14. Ng3 Be6 15. a3 c5 16. Bd3 cxd4 17. cxd4 Qb6 18. Qe4 f5 19. exf6 Bxf6 20. Kh1 Bxd4 21. Bh6 Rxf1+ 22. Rxf1 Nf6 23. Qe2 Ng4 24. Bc4 Bxc4 25. Qxc4+ e6 26. Qxa4 Qd8 27. Qc4 Nxh6 28. Rd1 Rc8 29. Rxd4 Qe8 30. Qf1 Nf5 31. Ne4 Qb5 32. Rd1 Qxb2 33. g4 Rc2 34. gxf5 Rxh2+ 35. Kg1 gxf5 36. Rb1 Qe5 37. Rb5 Qc7 38. Rc5 Qb8 39. Qc4 Kf7 40. Rc7+ Kg6 41. Qxe6+ 1-0

[Event "Novosibirsk April op"]
[Site "Novosibirsk"]
[Date "2008.04.07"]
[Round "3"]
[White "Koshaev, Valerij"]
[Black "Malchikov, Anton"]
[Result "1-0"]
[WhiteElo "2103"]
[BlackElo "2199"]
[PlyCount "99"]
[EventDate "2008.04.05"]
[EventType "swiss"]
[EventRounds "9"]
[EventCountry "RUS"]
[SourceTitle "EXT 2010"]
[Source "ChessBase"]
[SourceDate "2010.11.25"]
[SourceVersion "1"]
[SourceVersionDate "2010.11.25"]
[SourceQuality "1"]

1. e4 c5 2. Nc3 e6 3. g3 Nc6 4. Bg2 Nf6 5. f4 d5 6. e5 Nd7 7. Nf3 Be7 8. 0-0 0-0 9. Kh1 f6 10. exf6 Bxf6 11. Re1 Nb6 12. d3 a6 13. a4 Bd7 14. a5 Nc8 15. Bd2 Qc7 16. f5 Bxc3 17. Bxc3 Rxf5 18. Bh3 Rf8 19. Ng5 d4 20. Qh5 h6 21. Nxe6 Bxe6 22. Bxe6+ Kh8 23. Bd2 Nd6 24. Qxc5 Nb5 25. Rf1 Qd6 26. Qxd6 Nxd6 27. Bd5 Rxf1+ 28. Rxf1 Re8 29. Re1 Rf8 30. Kg2 Rf5 31. Bxc6 bxc6 32. Re6 Rc5 33. c4 dxc3 34. Bxc3 Nb5 35. Re5 Rxe5 36. Bxe5 Kg8 37. Kf3 g6 38. Ke4 Kf7 39. g4 Ke6 40. Bb8 Kd7 41. h4 Ke6 42. d4 Nd6+ 43. Bxd6 Kxd6 44. Kd3 Kd5 45. b4 Ke6 46. Ke4 Kd6 47. h5 gxh5 48. gxh5 Ke6 49. Kf4 Kf6 50. d5 1-0

[Event "RUS-ch sf"]
[Site "Novosibirsk"]
[Date "1999.??.??"]
[Round "3"]
[White "Koshaev, Valerij"]
[Black "Shevchenko, Vitaly"]
[Result "1-0"]
[WhiteElo "2015"]
[BlackElo "2265"]
[PlyCount "103"]
[EventDate "1999.??.??"]
[EventType "swiss"]
[EventRounds "9"]
[EventCountry "RUS"]
[SourceTitle "EXT 2000"]
[Source "ChessBase"]
[SourceDate "1999.11.16"]
[SourceVersion "1"]
[SourceVersionDate "1999.11.16"]
[SourceQuality "1"]

1. e4 e5 2. Nc3 d6 3. d4 exd4 4. Qxd4 Nc6 5. Bb5 Bd7 6. Bxc6 bxc6 7. Nf3 f6 8. 0-0 g6 9. Nh4 Nh6 10. f4 Nf7 11. Nf3 Bg7 12. Be3 0-0 13. Rad1 Qb8 14. b3 f5 15. e5 Be6 16. Qa4 dxe5 17. Qxc6 Qe8 18. Qc5 exf4 19. Bxf4 c6 20. Rfe1 Qc8 21. Ne5 Nxe5 22. Bxe5 Bh6 23. Bd4 Rd8 24. Qe5 Rxd4 25. Qxd4 Bg7 26. Qc5 Bf7 27. Rd3 Bf8 28. Qa5 Qb8 29. Red1 Qf4 30. Qa4 Bc5+ 31. Kh1 Qc7 32. Rd7 Qe5 33. R7d3 Re8 34. h3 f4 35. Rf1 g5 36. Qxc6 g4 37. hxg4 Re6 38. Qc8+ Kg7 39. g5 Qxg5 40. Rh3 Rg6 41. Qb7 Bb6 42. Qf3 Be6 43. Ne4 Qe7 44. Rh2 Bd5 45. Qc3+ Kg8 46. Rxf4 Bxe4 47. Qc4+ Kh8 48. Qxe4 Re6 49. Qf5 Bc7 50. Qf8+ Qxf8 51. Rxf8+ Kg7 52. Rxh7+ 1-0

[Event "RUS-ch sf"]
[Site "Novosibirsk"]
[Date "1999.??.??"]
[Round "6"]
[White "Nevostrujev, Vladimir"]
[Black "Koshaev, Valerij"]
[Result "1-0"]
[WhiteElo "2466"]
[BlackElo "2015"]
[PlyCount "135"]
[EventDate "1999.??.??"]
[EventType "swiss"]
[EventRounds "9"]
[EventCountry "RUS"]
[SourceTitle "EXT 2000"]
[Source "ChessBase"]
[SourceDate "1999.11.16"]
[SourceVersion "1"]
[SourceVersionDate "1999.11.16"]
[SourceQuality "1"]

1. e4 e6 2. d4 d5 3. Nd2 dxe4 4. Nxe4 Nd7 5. Nf3 Ngf6 6. Nxf6+ Nxf6 7. Bd3 c5 8. 0-0 Bd7 9. dxc5 Bxc5 10. Ne5 h6 11. Qf3 Qc7 12. Bf4 Bd6 13. Nxd7 Bxf4 14. Nxf6+ gxf6 15. Bb5+ Ke7 16. Rad1 Rhd8 17. g3 Bd6 18. Rd3 Rac8 19. Rfd1 a6 20. Ba4 b5 21. Bb3 Bc5 22. Re1 Qc6 23. Bd5 Qb6 24. Qf4 Bxf2+ 25. Qxf2 Qxf2+ 26. Kxf2 Rxc2+ 27. Kg1 Rxb2 28. a3 f5 29. Ree3 Rc8 30. Bf3 Rcc2 31. h4 a5 32. Kf1 Rh2 33. Rb3 b4 34. axb4 axb4 35. Rxb2 Rxb2 36. Re5 Kf6 37. Rb5 Rb1+ 38. Kf2 Rb2+ 39. Be2 Rb3 40. Bh5 Rb2+ 41. Kf3 Rb3+ 42. Kg2 Rb2+ 43. Kh3 Rb1 44. Rb7 b3 45. Rxf7+ Ke5 46. Rb7 Ke4 47. Kg2 Rb2+ 48. Kf1 Rb1+ 49. Kf2 Rb2+ 50. Be2 Kd4 51. Rd7+ Ke4 52. Rd6 Ke5 53. Rb6 Kd5 54. Ke3 Rb1 55. Bd3 Rb2 56. Rb5+ Kd6 57. Bc4 Kc6 58. Rxb3 Rxb3+ 59. Bxb3 e5 60. Be6 f4+ 61. gxf4 exf4+ 62. Kxf4 Kd6 63. Kf5 Ke7 64. h5 Kd6 65. Ba2 Kd7 66. Kg6 Ke7 67. Kxh6 Kf6 68. Be6 1-0